China's metamorphosis : 35 global perspectives (Record no. 587885)
[ view plain ]
| 000 -LEADER | |
|---|---|
| fixed length control field | 00352nam a22001217a 4500 |
| 082 ## - DEWEY DECIMAL CLASSIFICATION NUMBER | |
| Classification number | 951.035; LIP |
| 100 ## - MAIN ENTRY--PERSONAL NAME | |
| Personal name | Jiang Liping |
| 245 ## - TITLE STATEMENT | |
| Title | China's metamorphosis : 35 global perspectives |
| 260 ## - PUBLICATION, DISTRIBUTION, ETC. | |
| Place of publication, distribution, etc. | Beijing |
| Name of publisher, distributor, etc. | Language and culture university press |
| Date of publication, distribution, etc. | 2020 |
| 300 ## - PHYSICAL DESCRIPTION | |
| Extent | 132p |
| 942 ## - ADDED ENTRY ELEMENTS (KOHA) | |
| Source of classification or shelving scheme | |
| Koha item type | Book |
| Withdrawn status | Lost status | Source of classification or shelving scheme | Damaged status | Not for loan | Permanent Location | Current Location | Date acquired | Total Checkouts | Full call number | Barcode | Date last seen | Price effective from | Koha item type | Public note |
|---|---|---|---|---|---|---|---|---|---|---|---|---|---|---|
| School of Civil and Environmental Engineering (SCEE) | School of Civil and Environmental Engineering (SCEE) | 02/15/2022 | 951.035; LIP | NIT-13508 | 02/15/2022 | 02/15/2022 | Book | Chinese Donation |
